000 00262nam a2200109Ia 4500
008 230907s9999||||xx |||||||||||||| ||und||
082 _a364.941
_bHIS
245 0 _aHistories of crime :
260 _aPalgrave,
_bNew York :
_c2010
300 _a218 p.
942 _cBK
999 _c600148
_d600148